000 00406nam a2200157Ia 4500
008 230917s9999||||xx |||||||||||||| ||und||
040 _e78269
_aMAIN
041 _aEnglish
082 _a327 M822P
100 _aMorgenthan, Hans J
245 0 _aPolitics among nations: the struggle for power and peace
250 _a6th ed.
260 _aNew Delhi
_bKalyani
_c1991
300 _axiv, 685 p.
942 _cBK
999 _c76780
_d76780